Dental Hygienist's Nutritional Care (Record no. 13328)

MARC details
000 -LEADER
fixed length control field 00368nam a2200145Ia 4500
008 - FIXED-LENGTH DATA ELEMENTS--GENERAL INFORMATION
fixed length control field 230312s9999||||xx |||||||||||||| ||und||
020 ## - INTERNATIONAL STANDARD BOOK NUMBER
International Standard Book Number 0-323-49727-5
082 ## - DEWEY DECIMAL CLASSIFICATION NUMBER
Classification number 617.601
Item number STE-D
100 ## - MAIN ENTRY--PERSONAL NAME
Personal name Stegeman;Cynthia.A
245 #0 - TITLE STATEMENT
Title Dental Hygienist's Nutritional Care
260 ## - PUBLICATION, DISTRIBUTION, ETC.
Name of publisher, distributor, etc. Elsevier
Place of publication, distribution, etc. China
Date of publication, distribution, etc. 2019
300 ## - PHYSICAL DESCRIPTION
Extent 435
650 ## - SUBJECT ADDED ENTRY--TOPICAL TERM
Topical term or geographic name entry element Medical
Form subdivision Nutrition
942 ## - ADDED ENTRY ELEMENTS (KOHA)
Koha item type BOOK
Holdings
Withdrawn status Lost status Source of classification or shelving scheme Damaged status Not for loan Home library Current library Date acquired Total Checkouts Full call number Barcode Date last seen Price effective from Koha item type
    Dewey Decimal Classification     Superior Information Resource Center (SIRC) Superior University- Central Library Superior Information Resource Center (SIRC) Superior University- Central Library 03/13/2023   617.601 STE-D 13460 03/13/2023 03/13/2023 BOOK

Powered by Koha